Il lai di Narciso

Saved in:
书目详细资料
主要作者: Anonimo
格式: 图书
语言:Undetermined
出版: Parma Pratiche 1989
标签: 添加标签
没有标签, 成为第一个标记此记录!

MARC

LEADER 00000nam a2200000Ia 4500
001 483
003 NUMERAZIONE-ORIGINALE-BRESCIA
005 20260206230753.0
008 260206s9999 xx 000 0 und d
100 |a Anonimo 
245 0 |a Il lai di Narciso 
260 |a Parma 
260 |b Pratiche 
260 |c 1989 
500 |a Biblioteca medievale 
942 |2 ddc  |c BK  |n 0 
952 |0 0  |1 0  |2 ddc  |4 0  |6 25  |7 0  |9 28609  |a BS  |b BS  |d 2026-02-06  |i 483  |l 0  |o 2-5-*  |r 2026-02-06 22:40:39  |w 2026-02-06  |x [REVISIONARE]  |y BK 
999 |c 24268  |d 24268